| 000 | 00742cam a2200253 i 4500 | ||
|---|---|---|---|
| 001 | 768714001 | ||
| 003 | CO-MdBIC | ||
| 005 | 20231130145935.0 | ||
| 008 | 231130t1947 -us||||| |||| 00| 0 eng d | ||
| 040 |
_bspa. _aCO-MdFUSB _cCO-MdFUSB _dCO-MdFUSBC _erda |
||
| 041 | _aeng | ||
| 082 | 0 | 4 | _aG 231.7 L6731m |
| 100 | 1 | _aLewis, C. S. (Clive Staples) (1898-1963) | |
| 245 | 1 | 0 |
_aMiracles : A preliminary study / C. S. Lewis _c/ |
| 264 |
_aNew York, USA : MacMillan _bMacmillan and Co. Limited, _c[1947] |
||
| 264 | 4 | _c©1947 | |
| 300 |
_a192 Pag _c; |
||
| 336 |
_atexto _btxt _2rdacontent |
||
| 337 |
_2rdamedia _asin mediación _bn |
||
| 338 |
_2rdacarrier _avolumen _bnc |
||
| 650 | 7 |
_aMilagros _91077 |
|
| 942 | _cBK | ||
| 945 | _ajohan1477 | ||
| 999 |
_c34492 _d34492 |
||